|
|
|
|
| LEADER |
00819cam a2200205 7i4500 |
| 001 |
0000026931 |
| 005 |
20110920090000.0 |
| 090 |
0 |
0 |
|a STD 363.1926
|b DEP
|
| 110 |
2 |
0 |
|a Department of Standards Malaysia
|
| 245 |
2 |
0 |
|a Malaysian standard :
|b good manufacturing practice (GMP) for food (First revision).
|
| 260 |
0 |
0 |
|a Cyberjaya:
|b Department of Standards Malaysia,
|c 2009.
|
| 300 |
# |
# |
|a 32 p.
|
| 440 |
0 |
0 |
|a Malaysian standard MS 1514 : 2009
|
| 650 |
0 |
0 |
|a Food industry and trade --
|x Standards --
|z Malaysia
|
| 650 |
0 |
0 |
|a Food --
|x Standards --
|z Malaysia
|
| 650 |
0 |
0 |
|a Food --
|x Safety measures
|
| 650 |
0 |
0 |
|a Good Manufacturing Practice (GMP) --
|x Standards --
|z Malaysia
|
| 651 |
0 |
0 |
|a Malaysia
|
| 999 |
|
|
|a 0000029397
|b Book
|c Services
|e Business Information Centre
|
| 999 |
|
|
|a 0000029396
|b Book
|c Services
|e Business Information Centre
|